000 00664cam a22002053a 4500
001 40106
003 PGUSA
005 20140828083908.0
008 120629s2012||||xxu|||||s|||||000 | eng d
040 _aPGUSA
_beng
042 _adc
100 1 _aQuincy, John
245 1 0 _aLoimologia :
_bOr, an Historical Account of the Plague in London in 1665 : With Precautionary Directions Against the Like Contagion
_h[electronic resource] /
_cJohn Quincy
260 _bProject Gutenberg,
_c2012
506 _aPublic domain in the USA.
516 _aElectronic text
830 0 _aProject Gutenberg
_v40106
856 4 0 _uhttp://www.gutenberg.org/ebooks/40106
942 _cEB
999 _c269359
_d269359